Ч. 1: Оценка риска техногенных аварий и катастроф. Статистическая интерпретация экологического мониторинга. Моделирование и прогнозирование экологических ситуаций; Информационная экология

Bibliographic Details
Parent link:Информационная экология/ Б. П. Ивченко, Л. А. Мартыщенко. Ч. 1: Оценка риска техногенных аварий и катастроф. Статистическая интерпретация экологического мониторинга. Моделирование и прогнозирование экологических ситуаций.— , 1998-
Language:Russian
Published: 1998
Subjects:
Format: Book
KOHA link:https://koha.lib.tpu.ru/cgi-bin/koha/opac-detail.pl?biblionumber=25847

MARC

LEADER 00000nam2a2200000 4500
001 25847
005 20231030201215.0
010 |a 5865810236 
035 |a (RuTPU)RU\TPU\book\26085 
035 |a BOOK00026160 
090 |a 25847 
100 |a 20011209d1998 km y0rusy50 ca 
101 0 |a rus 
102 |a RU 
105 |a y z 001zy 
200 0 |a Ч. 1: Оценка риска техногенных аварий и катастроф. Статистическая интерпретация экологического мониторинга. Моделирование и прогнозирование экологических ситуаций 
210 |d 1998 
215 |a 208 с. 
320 |a Библиогр.: с. 200-201. 
461 1 |0 (RuTPU)RU\TPU\book\58036  |t Информационная экология  |f Б. П. Ивченко, Л. А. Мартыщенко  |v Ч. 1: Оценка риска техногенных аварий и катастроф. Статистическая интерпретация экологического мониторинга. Моделирование и прогнозирование экологических ситуаций  |d 1998- 
610 1 |a экология 
610 1 |a информационные технологии 
610 1 |a техногенные катастрофы 
610 1 |a техногенные аварии 
610 1 |a риск 
610 1 |a оценка 
610 1 |a экологический мониторинг 
610 1 |a экологические исследования 
610 1 |a статистические методы 
675 |a 502.3  |v 3 
801 0 |a RU  |b 63413507  |c 20011209  |g PSBO 
801 2 |a RU  |b 63413507  |c 20100712  |g PSBO 
900 |a Математические методы в природоохранных процессах 
900 |a Моделирование аварийных ситуаций 
942 |c BK